Statistics for Countries Worst Scores According to Press Freedom Index

Click here to take the quiz!

General Stats

  • This quiz has been taken 1,158 times
    (82 since last reset)
  • The average score is 24 of 31

Answer Stats

HintAnswer% Correct
AsiaNorth Korea
94%
AsiaChina
92%
AsiaIran
92%
AsiaIraq
92%
EuropeRussia
92%
AsiaSyria
88%
AsiaAfghanistan
87%
AsiaSaudi Arabia
87%
AsiaYemen
87%
AsiaOman
83%
AsiaOman
83%
AsiaPakistan
83%
South AmericaVenezuela
83%
North AmericaCuba
82%
AsiaTurkmenistan
82%
AsiaLaos
79%
AsiaTajikistan
79%
AsiaVietnam
78%
AsiaKuwait
75%
EuropeBelarus
74%
AsiaIndia
74%
AsiaBahrain
71%
AsiaAzerbaijan
69%
AsiaMyanmar
68%
AfricaEritrea
66%
North AmericaHonduras
65%
North AmericaNicaragua
64%
AsiaTurkey
62%
AfricaEgypt
56%
AsiaBangladesh
55%
AfricaDjibouti
36%

Score Distribution

Percentile by Number Answered

Percent of People with Each Score

Your Score History

You have not taken this quiz since the last reset